000 01569nam0a2200337 4500
001 RU\NLR\bibl\1452583
005 20250615232338.0
010 _a978-5-903525-05-8
035 _a(NLR Aleph) 001444393
090 _a1483282
_c1483282
100 _a20081220d2007 |||y0rusy50 ca
101 0 _arus
102 _aRU
105 _aa |||||||||
200 1 _aСвященная тайна церкви
_eвведение в историю и проблематику имяславских споров
_fЕпископ Венский и Австрийский Иларион (Алфеев)
205 _aИздание 2-е, испр. и доп.
210 _aСанкт-Петербург
_cИзд-во Олега Абышко
_d2007
215 _a910 с.
_cил., портр.
_d22
225 1 _aБиблиотека христианской мысли
_iИсследования
320 _aБиблиогр.: с. 846-896 (1087 назв.) и в подстроч. примеч.
320 _aУказ. имен: с. 897-910
517 0 _aвведение в историю и проблематику имяславских споров
606 1 _aИмяславцы
_xИстория
_92224286
_3RU\NLR\auth\661335390
686 _aЭ372.248.3
700 0 _4070
_7ca
_8rus
_aИларион
_cАлфеев, Григорий Валериевич
_cмитрополит
_f1966-
_9114142
_3RU\NLR\AUTH\774157
801 0 _aRU
_bNLR
_c20081220
_gRCR
801 1 _aRU
_bNLR
_c20081220
942 _cBOOK
980 _aNB